ASTROWORLD Tracklist - Statistics

General Stats
  • This quiz has been taken 44 times
  • The average score is 10 of 17
Answer Stats
# Answer Streams Artist(s) % Correct
3 SICKO MODE 2,566,753,503 Travis Scott
100%
1 STARGAZING 874,593,878 Travis Scott
82%
15 BUTTERFLY EFFECT 1,888,413,314 Travis Scott
79%
9 5% TINT 673,941,149 Travis Scott
68%
11 ASTROTHUNDER 567,576,334 Travis Scott
64%
13 CAN'T SAY 864,762,303 Travis Scott
61%
12 YOSEMITE 804,598,930 Travis Scott
61%
2 CAROUSEL 248,123,602 Travis Scott
57%
10 NC-17 193,395,371 Travis Scott
57%
17 COFFEE BEAN 274,290,656 Travis Scott
54%
7 SKELETONS 529,794,427 Travis Scott
50%
8 WAKE UP 378,574,056 Travis Scott
50%
16 HOUSTONFORNICATION 306,254,002 Travis Scott
46%
4 R.I.P. SCREW 258,988,789 Travis Scott
46%
5 STOP TRYING TO BE GOD 301,731,420 Travis Scott
46%
6 NO BYSTANDERS 464,879,298 Travis Scott
36%
14 WHO? WHAT! 249,604,697 Travis Scott
36%
No matching quizzes found
Score Distribution
Percent of People with Each Score
Percentile by Number Answered
Your Score History
You have not taken this quiz